000 00774nac a22001811u 4500
082 _a615.1901
_bH2757
090 _c3459
_d3459
100 _a20080729
245 _aClinical Significance Of Tests Avaliable From Du Pont /
260 _aUSA:
_b[Medical Products Department] ,C.[19--]
_cC.[19--]
300 _a140p.:
_bill;
_c17cm.
500 _aDonations.
500 _aDonations - Bibliotheca Alexandrina.
650 _aPharmaceutical chemistry.
942 _cBB
_k615.1901H2757
999 _c3459
_d3459